Т. 16; Рост кристаллов

Dades bibliogràfiques
Parent link:Рост кристаллов/ Академия наук СССР (АН СССР), Институт кристаллографии им. А. В. Шубникова (ИК). Т. 16.— , 1957-1991
Altres autors: Багдасаров Х. С. (редактор), Лубе Э. Л.
Idioma:rus
Publicat: 1988
Matèries:
Format: Llibre
KOHA link:https://koha.lib.tpu.ru/cgi-bin/koha/opac-detail.pl?biblionumber=248701

MARC

LEADER 00000nam2a2200000 4500
001 248701
005 20231101232419.0
010 |a 502006002X 
035 |a (RuTPU)RU\TPU\book\270567 
035 |a RU\TPU\book\215007 
090 |a 248701 
100 |a 20140125d1988 k y0rusy5003 ca 
101 0 |a rus 
102 |a RU 
105 |a a z 001zy 
200 0 |a Т. 16  |f отв. ред. Х. С. Багдасаров, Э. Л. Лубе 
210 |d 1988 
215 |d 27 см  |a 248 с.  |c ил. 
320 |a Библиография в конце статей 
461 1 |0 (RuTPU)RU\TPU\book\151761  |t Рост кристаллов  |f Академия наук СССР (АН СССР), Институт кристаллографии им. А. В. Шубникова (ИК)   |v Т. 16  |d 1957-1991 
606 1 |a Кристаллы  |x Рост  |2 stltpush  |3 (RuTPU)RU\TPU\subj\16370  |9 42452 
610 1 |a кристаллообразование 
610 1 |a биологические вещества 
610 1 |a кристаллизация 
610 1 |a легирование 
610 1 |a математическое моделирование 
610 1 |a выращивание 
610 1 |a рост из пара 
610 1 |a рост из расплава 
610 1 |a рост из раствора 
675 |a 548.52  |z rus  |v 4 
702 1 |a Багдасаров  |b Х. С.  |4 340 
702 1 |a Лубе  |b Э. Л.  |4 340 
801 0 |a RU  |b 63413507  |c 19950704  |g psbo 
801 1 |a RU  |b 63413507  |c 20110606 
801 2 |a RU  |b 63413507  |c 20160916  |g RCR 
942 |c BK